Inauguración de obras de ampliación en la Biblioteca Soler y Palet, de Tarrasa : conferencia del presidente de la Diputación, don Joaquín Buxó de Abaigar conferencia del presidente de la Diputación, don Joaquín Buxó de Abaigar
Descripción Física:
Il·lustracions
Colección:
San Jorge,
; núm. 3 (juliol 1951), pàg. 42-46
Idioma:
Español
MARC
| LEADER | 00000naa a2200000 a 4500 | ||
|---|---|---|---|
| 003 | Arxiu | ||
| 005 | 20260324181031.0 | ||
| 008 | 160829s1951 spcaxx s spa c | ||
| 040 | |a agdb | ||
| 245 | 0 | 0 | |a Inauguración de obras de ampliación en la Biblioteca Soler y Palet, de Tarrasa : |b conferencia del presidente de la Diputación, don Joaquín Buxó de Abaigar |
| 300 | |b Il·lustracions | ||
| 490 | |a San Jorge, |v núm. 3 (juliol 1951), pàg. 42-46 | ||
| 590 | |a Conté el text integre de la conferència. | ||
| 610 | 2 | 0 | |a Biblioteca Soler i Palet (Terrassa) |9 54577 |
| 650 | 0 | |a Biblioteques públiques |x Conservació i restauració |9 54578 | |
| 710 | 1 | |9 54218 |a Barcelona (Catalunya : Província). |b President (1949-1967 : Buxó de Abaigar) | |
| 773 | |t San Jorge. |g Núm. 3 (juliol 1951), pàg. 42-46 | ||
| 901 | |a Arxiu | ||
| 942 | |n 1 |2 udc |c ART | ||
| 952 | |0 0 |1 0 |4 0 |6 REV508 |7 1 |9 64698 |a Arxiu |b Arxiu |d 2022-12-12 |l 0 |o Rev-508 |r 2022-12-12 00:00:00 |w 2022-12-12 |y ARXIU | ||
| 999 | |c 47763 |d 47763 | ||